000 00890nas a2200301 4500
001 BR0400243
003 BR-BrBNA
005 20231205104341.0
007 ta
008 230509b bl.|||p| |||| 00| 00por d
040 _aBR-BrBNA
_bpor
_cBiblioteca Nacional de Agricultura
041 _a(Pt)
072 _aL73; L40
100 1 _aVerona, D.
100 1 _aMartins Júnior, A.
100 1 _aCalegari, R.S.
100 1 _aKolvisto, M.B.
245 1 _aAvaliação de um novo procedimento para colheita de amostra endometrial em vacas
650 _aVACA
650 _aPÓS-PARTO
650 _aENDOMETRITE
650 _aÚTERO
650 _aCITOLOGIA
650 _aDIAGNÓSTICO
773 0 _tRevista Brasileira de Reprodução Animal (Brazil)
_xISSN 0102-0803
_g(Jul-Sep 2003), v. 27(3) p. 563-565
_wBR0400243
909 _a202311
_bLúcia
_c55
_dLúcia Elande
942 _2AGRIS
_n0
_cANA
999 _c177698
_d177698